000 00524nam a2200181Ia 4500
005 20250508150334.0
008 008 250505s9999 xx 000 0 eng d
037 _aTextual
040 _aFEDL
_beng
_cFEDL
041 _aeng
_2eng
084 _a191.4, RAT
_qFEDL
100 _aRatner Joseph Ed.
245 0 _aIntelligence in the modern world John Dewey's philosophy
260 _aNew York, USA
_bThe Modern Library
_c1939
300 _axv,1077p.
942 _cTEXL
_h191.4, RAT
999 _c1323084
_d1323084